Statistics for Country Size Fight with Largest Borders #2

Click here to take the quiz!

General Stats

  • This quiz has been taken 29 times
  • The average score is 10 of 10

Answer Stats

CountryAnswer% Correct
MalaysiaIndonesia
100%
South KoreaNorth Korea
100%
SwedenNorway
100%
ParaguayBrazil
96%
TajikistanChina
96%
HondurasNicaragua
96%
ZimbabweSouth Africa
96%
EritreaSudan
96%
LithuaniaPoland
93%
GabonCameroon
79%

Score Distribution

Percentile by Number Answered

Percent of People with Each Score

Your Score History

You have not taken this quiz